000 00873nam a22002897a 4500
001 BR9402970
003 BR-BrBNA
005 20230928094041.0
007 ta
008 230509b bl.||||| |||| 00| 0 por d
040 _aBR-BrBNA
_bpor
_cBiblioteca Nacional de Agricultura
041 _a(Por)
072 _aE40; E70
090 _ E40 BR9402970
100 1 _aBarni, E.J.
110 1 _aUniversidade Federal de Vicosa, MG (Brasil)
_0Tese (Magister Scientiae)
245 1 _aEconomias de escala, escopo e discentralizacao em cooperativas agropecuarias de Santa Catarina
260 3 _aVicosa, MG (Brasil):
_c1991.
300 _a79 p.
500 _a18 tables; 40 ref.; Summary (Por)
650 _aCooperativa
650 _aCooperativa Mercantil
650 _aCusto Operacional
650 _aSanta Catarina
909 _a202309
_bLucia
_c55
_dLucia Elande
942 _cBK
999 _c48606
_d48606